| 000 | 00649nam a2200193 a 4500 | ||
|---|---|---|---|
| 001 | 000028615 | ||
| 005 | 20200930055035.0 | ||
| 008 | 110411s1995 dr a 000 j spa d | ||
| 040 |
_aDO-SdBNP _bspa _cBNPHU |
||
| 082 |
_axxx _bC679s, 1995 |
||
| 100 | 1 |
_aCoiscou Weber, Rodolfo, _d1924- _922552 |
|
| 245 | 1 | 0 |
_aSe están comiendo a Margarita y otros canibalismos : _bvivencias, cuentos, poesías / _cRodolfo Coiscou Weber. |
| 250 | _a2a ed. aum. | ||
| 260 |
_aSanto Domingo : _bCasa Weber, _c1995. |
||
| 300 |
_a44 p. : _bil. ; _c21 cm. |
||
| 490 | 1 |
_aAntología de nuestra voz _v23 |
|
| 830 | 0 |
_aAntología de nuestra voz; _n23 _955571 |
|
| 049 | _aBNPD | ||
| 999 |
_c28107 _d28107 |
||